AH International Schools' Libraries

The Secret to a Successful Circle Time (Record no. 49002)

MARC details
000 -LEADER
fixed length control field 00321nam a22001097a 4500
008 - FIXED-LENGTH DATA ELEMENTS--GENERAL INFORMATION
fixed length control field 250701b |||||||| |||| 00| 0 eng d
100 ## - MAIN ENTRY--PERSONAL NAME
Personal name Julie Austin (Author)
9 (RLIN) 86378
245 ## - TITLE STATEMENT
Title The Secret to a Successful Circle Time
260 ## - PUBLICATION, DISTRIBUTION, ETC. (IMPRINT)
Name of publisher, distributor, etc Sanguine Consulting
Date of publication, distribution, etc 2005
300 ## - PHYSICAL DESCRIPTION
Extent 45 pages
Other physical details col. ill.
Dimensions 21cm x 29.7cm
942 ## - ADDED ENTRY ELEMENTS (KOHA)
Source of classification or shelving scheme
Holdings
Withdrawn status Lost status Source of classification or shelving scheme Damaged status Not for loan Collection code Home library Current library Date acquired Total Checkouts Full call number Barcode Date last seen Price effective from Koha item type
          Non-Fiction Asian Hope Siem Reap Asian Hope Siem Reap 07/01/2025   NFIC JUL 209046 07/01/2025 07/01/2025 Book

For any Logos Library related questions please contact Miss Art at swongnarasuk@asianhope.org.

For any Asian Hope Library related questions please contact Miss Raza at graza@asianhope.org.

Click here to explore our ebooks!

Powered by Koha